000 00336 a2200157 4500
001 190555
020 _a978-1-84135-193-3
040 _cMagnum
100 _aAndrews, Jackie
240 1 0 _aThe gingerbread man
_lING
245 1 0 _aThe gingerbread man
300 _a24
362 0 _a2003
697 _aLITERATURA INGLESA
942 _cBK
999 _c190555
_d190555